| 000 | 01200cam a2200301 a 4500 | ||
|---|---|---|---|
| 999 |
_c41544 _d41544 |
||
| 001 | 4961169 | ||
| 003 | OSt | ||
| 005 | 20220922120139.0 | ||
| 008 | 970211s1997 nyua b 001 0 eng | ||
| 010 | _a 97007692 | ||
| 020 | _a0070428077 | ||
| 040 |
_aDLC _cDLC _dDLC |
||
| 050 | 0 | 0 |
_aQ325.5 _b.M58 1997 |
| 082 | 0 | 0 |
_a006.31 _221 _bMIT/M |
| 100 | 1 |
_aMitchell, Tom M. _q(Tom Michael), _d1951- _99126 |
|
| 245 | 1 | 0 |
_aMachine Learning / _cTom M. Mitchell. |
| 260 |
_aNew York : _bMcGraw-Hill, _cc1997. |
||
| 300 |
_axvii, 414 p. : _bill. ; _c25 cm. |
||
| 440 | 0 | _aMcGraw-Hill series in computer science | |
| 504 | _aIncludes bibliographical references and indexes. | ||
| 650 | 0 | _aMachine learning. | |
| 650 | 0 | _aComputer algorithms. | |
| 856 | 4 | 2 |
_3Publisher description _uhttp://www.loc.gov/catdir/description/mh022/97007692.html |
| 856 | 4 | 1 |
_3Table of contents _uhttp://www.loc.gov/catdir/toc/mh022/97007692.html |
| 906 |
_a7 _bcbc _corignew _d1 _eocip _f19 _gy-gencatlg |
||
| 942 |
_2ddc _cBK _h006.31 _iMIT/M _k006.31 _mMIT/M |
||